<?xml version="1.0" encoding="UTF-8"?><?xml-stylesheet type="text/xsl" href="static/style.xsl"?><OAI-PMH xmlns="http://www.openarchives.org/OAI/2.0/" xmlns:xsi="http://www.w3.org/2001/XMLSchema-instance" xsi:schemaLocation="http://www.openarchives.org/OAI/2.0/ http://www.openarchives.org/OAI/2.0/OAI-PMH.xsd"><responseDate>2026-04-17T06:35:18Z</responseDate><request verb="GetRecord" identifier="oai:www.recercat.cat:10459.1/464732" metadataPrefix="marc">https://recercat.cat/oai/request</request><GetRecord><record><header><identifier>oai:recercat.cat:10459.1/464732</identifier><datestamp>2025-09-15T18:43:08Z</datestamp><setSpec>com_2072_3622</setSpec><setSpec>col_2072_479130</setSpec></header><metadata><record xmlns="http://www.loc.gov/MARC21/slim" xmlns:dcterms="http://purl.org/dc/terms/" xmlns:xsi="http://www.w3.org/2001/XMLSchema-instance" xmlns:doc="http://www.lyncode.com/xoai" xsi:schemaLocation="http://www.loc.gov/MARC21/slim http://www.loc.gov/standards/marcxml/schema/MARC21slim.xsd">
   <leader>00925njm 22002777a 4500</leader>
   <datafield ind2=" " ind1=" " tag="042">
      <subfield code="a">dc</subfield>
   </datafield>
   <datafield ind2=" " ind1=" " tag="720">
      <subfield code="a">Malas, Olga</subfield>
      <subfield code="e">author</subfield>
   </datafield>
   <datafield ind2=" " ind1=" " tag="260">
      <subfield code="c">2023</subfield>
   </datafield>
   <datafield ind2=" " ind1=" " tag="520">
      <subfield code="a">El objetivo de este estudio fue validar el Cuestionario de Autoevaluación de la Ansiedad ante los Exámenes (CAAE) en estudiantes universitarios (n= 1024), de ambos sexos (66,4% mujeres y 33,6% hombres) y 20,34 años de edad media (DE: 1,78). Para el estudio, la muestra se dividió aleatoriamente en dos grupos. Con el primer grupo se probaron 23 modelos estructurales utilizando un enfoque basado en el análisis factorial confirmatorio (CFA, por sus siglas en inglés) y el análisis exploratorio de modelos estructurales (ESEM, por sus siglas en inglés). El modelo Bifactorial S-1, con un factor general y un factor cognitivo específico, presentó los mejores índices de ajuste (TLI: 0,91; CFI: 0,93; RMSEA: 0,077). El modelo fue replicado en la segunda muestra confirmándose su validez, fiabilidad e invarianza de género.</subfield>
   </datafield>
   <datafield ind2=" " ind1=" " tag="520">
      <subfield code="a">The  aims  of  this  study  was  to  validate  the  Self-Assessment    Questionnaire    for    Exams-related    Anxiety (CAAE, for its acronym in Spanish) in university students (n= 1024) of both sexes (66.4% women, and 33,6% men) and 20.34 years of mean age (SD: 1.78). For  the  study,  the  sample  was  randomly  divided  into  two groups. With first subgroup 23 different structures were tested applying an approach based on Confirma-tory  Factor  Analysis  (CFA),  and  Exploratory  Structural  Equation Modeling (ESEM). The Bifactorial S-1 model, with  a  general  factor  and  a  specific  cognitive  factor,  presented the best fit indices (TLI: 0,91; CFI: 0,93; RM-SEA:  0,077).  The  model  was  replicated  in  the  second  sample.  Its  validity,  reliability  and  gender  invariance  were confirmed.</subfield>
   </datafield>
   <datafield tag="653" ind2=" " ind1=" ">
      <subfield code="a">Estudiantes universitarios</subfield>
   </datafield>
   <datafield tag="653" ind2=" " ind1=" ">
      <subfield code="a">Ansiedad</subfield>
   </datafield>
   <datafield tag="653" ind2=" " ind1=" ">
      <subfield code="a">Autoevaluación</subfield>
   </datafield>
   <datafield tag="653" ind2=" " ind1=" ">
      <subfield code="a">Validez y fiabilidad</subfield>
   </datafield>
   <datafield ind2="0" ind1="0" tag="245">
      <subfield code="a">Estructura Factorial, Validez, Fiabilidad e Invariancia de Género del Cuestionario de Autoevaluación de Ansiedad ante los Exámenes (CAAE)</subfield>
   </datafield>
   <datafield ind2="0" ind1="0" tag="245">
      <subfield code="a">Factor Structure, Validity, Reliability and Gender Invariance of the Self-Assessment Questionnaire for Exams-related Anxiety (CAAE)</subfield>
   </datafield>
</record></metadata></record></GetRecord></OAI-PMH>